| 000 | 00577cam a22002291 4500 | ||
|---|---|---|---|
| 001 | sa 64008697 | ||
| 003 | DLC | ||
| 005 | 20260227112055.0 | ||
| 008 | 890622s1963 ii b 000 0 hino | ||
| 010 | _asa 64008697 | ||
| 035 | _a(OCoLC)19914515 | ||
| 040 |
_aDLC _cWaU _dDLC |
||
| 042 | _apremarc | ||
| 050 | 0 | 0 |
_aLB775.G22 _bD4 |
| 100 | 1 | _aDesāī, L. R. | |
| 245 | 1 | 0 | _aBuniyādī śālāoṃ kā nirīkshaṇa. |
| 260 | _c1963. | ||
| 300 |
_a2, 64 p. _c24 cm. |
||
| 500 | _aIn Hindi. | ||
| 504 | _aBibliography: p. 62-63. | ||
| 650 | 0 | _aWardha scheme of education. | |
| 999 |
_c60974 _d60974 |
||